000 00836nam a2200241 a 4500
001 BRCA_6304
005 20190320205415.0
008 161112s1992----it-a######---#000-0#ita-u
041 _aita
044 _ait
050 4 _aNA5621.M6
_b.T66 1992
100 1 _aTomea, Paolo,
_d1945-
_915813
245 1 0 _aChiaravalle
_barte e storia di un´abbazia cistercense
_ca cura di Paolo Tomea.
260 _aMilán
_bElecta
_c1992
300 _a502 p.
_bil. (algunas a color), mapas
_c29 cm.
_e1 díptico en inglés
500 _aIncluye índice de nombres e índice de lugares
500 _aColección Sonia Corcuera de Mancera
610 2 4 _aSanta Maria de Clairvaux
_xHistoria
_915814
650 1 4 _aArquitectura cisterciense
_zItalia
_915815
651 4 _aMilán (Italia)
_xEdificios, estructuras, etc.
_915816
902 _aDSC
942 _2lcc
_cB
999 _c5990
_d5990